00764 a2200217 4500010001400000020002600014035001300040037001600053082001600069090001700085100001800102245005800120260005600178270005100234300003900285500002100324700001700345942003000362999001700392952013700409 aENG-89421 c795.00a9780979617423 aEN-72954 bDBAD / PUB14a355.0330954 c10906d109061 aVerma, Bharat1 aIndian armed forces/cby Bharat Verma and B.K. Pandey aNew DelhibLancer Publishers and Distributorsc2008 a2/42 (B) Sarvapriya Vihar,bNew Delhie110 016 axix, 168p.c22cm (Hb)bb&w photos aIncludes index aPandey, B.K. adplcENk355.0330954/ VER c10604d10604 00102ddc40718NFICaDBADbDBADeDBAD/PUBg795.00l0o355.0330954pEN-72954r2008-09-15 00:00:00t1u11681v795.00w2008-09-15yEN